000 00503nam a2200181Ia 4500
999 _c13553
_d13553
003 OSt
005 20201103111030.0
008 190216s9999||||xx |||||||||||||| ||und||
020 _a50500244471
040 _coclc
082 _a891.73
_bRAS/M
100 _a Rasputin, Valentin
_96210
245 0 _aMoney For Maria /
_cValentin Rasputin
260 _bRaduga Pub,
_c1989.
_aUSSR:
300 _a257p
650 _aEnglish Stories
942 _cBK
_2ddc
_h891.73
_iRAS/M
_k891.73
_mRAS/M